Hodnotenie chemickej bezpečnosti ovocných destilátov
Uložené v:
| Hlavný autor: | |
|---|---|
| Ďalší autori: | |
| Médium: | Rukopis Kniha |
| Jazyk: | Slovak |
| Vydavateľské údaje: |
2016
|
| Predmet: | |
| On-line prístup: | http://is.stuba.sk/zp/portal_zp.pl?podrobnosti=131969 |
| Tagy: |
Žiadne tagy, Buďte prvý, kto otaguje tento záznam!
|
MARC
| LEADER | 00000ntm a22000003a 4500 | ||
|---|---|---|---|
| 001 | stuzp58132 | ||
| 003 | SK-STU | ||
| 005 | 20160719155456.6 | ||
| 007 | ta | ||
| 008 | 150427s2015----xo-----f-mn---000-0-slo-d | ||
| 040 | |a STU |b slo | ||
| 041 | 0 | |a slo | |
| 100 | 1 | |a Vyskočová, Gabriela |u 065000 |4 aut |U MTF Materiálovotechnologická fakulta |T MTF Ústav integrovanej bezpečnosti |X 71769 |U M5000 |Y 85 |7 71769 | |
| 242 | 0 | 1 | |a Chemical safety assessment fruit spirits |y eng |
| 245 | 1 | 0 | |a Hodnotenie chemickej bezpečnosti ovocných destilátov |
| 260 | |c 2016 | ||
| 650 | 4 | |a GCMS |2 slo | |
| 650 | 4 | |a ovocný destilát |2 slo | |
| 650 | 4 | |a metanol |2 slo | |
| 650 | 4 | |a etanol |2 slo | |
| 650 | 4 | |a GCMS |2 eng | |
| 650 | 4 | |a fruit spirit |2 eng | |
| 650 | 4 | |a methanol |2 eng | |
| 650 | 4 | |a ethanol |2 eng | |
| 700 | 1 | |a Soldán, Maroš |u 065100 |k Z1 |4 ths |U MTF Ústav integrovanej bezpečnosti |T MTF Katedra environmentálneho inžinierstva |X 2878 |U M5100 |Y 194 |7 A000002878 | |
| 856 | 4 | |u http://is.stuba.sk/zp/portal_zp.pl?podrobnosti=131969 | |
| 996 | |c M* BP-7530 |l MMSKP |s P |a 0 |w stuzp58132_0001 | ||
| SQL | |a stuzp58132 |b DBP |c SLO |d Hodnotenie chemickej bezpečnosti ovocných destilátov |e 71769 |f Vyskočová, Gabriela |g 065000 |h 2878 |i Soldán, Maroš |j 20160620 |k 1486 |l 06 |m http://is.stuba.sk/zp/portal_zp.pl?podrobnosti=131969 |n B-IBE |o 8.3.5. bezpečnosť a ochrana zdravia pri práci | ||